Do what you are : (Record no. 581)

MARC details
000 -LEADER
fixed length control field 00889cam a2200277 a 4500
005 - DATE AND TIME OF LATEST TRANSACTION
control field 20260322212026.0
008 - FIXED-LENGTH DATA ELEMENTS--GENERAL INFORMATION
fixed length control field data
010 ## - LIBRARY OF CONGRESS CONTROL NUMBER
LC control number 2004275206
020 ## - INTERNATIONAL STANDARD BOOK NUMBER
International Standard Book Number 0316880655 (pbk.)
020 ## - INTERNATIONAL STANDARD BOOK NUMBER
International Standard Book Number 9780316880657 (pbk.)
040 ## - CATALOGING SOURCE
Original cataloging agency DLC
Transcribing agency DLC
Modifying agency DLC
050 00 - LIBRARY OF CONGRESS CALL NUMBER
Classification number BF698.9.O3
Item number T54 2001
082 00 - DEWEY DECIMAL CLASSIFICATION NUMBER
Classification number 155.2/64
Edition information 22
092 ## - LOCALLY ASSIGNED DEWEY CALL NUMBER (OCLC)
Classification number 155.2 T54 2001
001 - CONTROL NUMBER
control field data
100 1# - MAIN ENTRY--PERSONAL NAME
Personal name Tieger, Paul D.
245 10 - TITLE STATEMENT
Title Do what you are :
Remainder of title discover the perfect career for you through the secrets of personality type /
Statement of responsibility, etc. Paul D. Tieger & Barbara Barron-Tieger.
250 ## - EDITION STATEMENT
Edition statement 3rd ed.
260 ## - PUBLICATION, DISTRIBUTION, ETC.
Place of publication, distribution, etc. Boston :
Name of publisher, distributor, etc. Little, Brown,
Date of publication, distribution, etc. c2001
300 ## - PHYSICAL DESCRIPTION
Extent xviii, 386 p. :
Other physical details ill. ;
Dimensions 24 cm.
504 ## - BIBLIOGRAPHY, ETC. NOTE
Bibliography, etc. note Includes bibliographical references (p. 376-379) and index.
650 #0 - SUBJECT ADDED ENTRY--TOPICAL TERM
Topical term or geographic name entry element Personality and occupation.
650 #0 - SUBJECT ADDED ENTRY--TOPICAL TERM
Topical term or geographic name entry element Myers-Briggs Type Indicator.
650 #0 - SUBJECT ADDED ENTRY--TOPICAL TERM
Topical term or geographic name entry element Vocational guidance.
700 1# - ADDED ENTRY--PERSONAL NAME
Personal name Barron-Tieger, Barbara.
Holdings
Withdrawn status Lost status Damaged status Not for loan Home library Current library Shelving location Date acquired Total checkouts Full call number Barcode Date last seen Price effective from Koha item type
        Centerville Centerville General stacks 22/03/2026   155.2/64 22 BC0010596 22/03/2026 22/03/2026 Books